000 00255nam a2200109Ia 4500
008 200302s9999 xx 000 0 und d
100 _aNaquib Mahfouz
245 _aAlexandria : Jewlel Of Egypt
260 _bHarry N.Abrams
260 _c2002
300 _a159P
999 _c4540
_d4540